Świętoszek /
محفوظ في:
| المؤلف الرئيسي: | |
|---|---|
| مؤلف مشترك: | |
| مؤلفون آخرون: | , , |
| التنسيق: | كتاب |
| اللغة: | البولندية الفرنسية |
| منشور في: |
Kraków :
Wydawnictwo Greg,
2003.
|
| الطبعة: | Wyd.2003. |
| سلاسل: | Lektura (Greg)
|
| الموضوعات: | |
| الوسوم: |
لا توجد وسوم, كن أول من يضع وسما على هذه التسجيلة!
|
MARC
| LEADER | 00000nam a2200000 i 4500 | ||
|---|---|---|---|
| 001 | 9910276799305606 | ||
| 005 | 20260515140226.0 | ||
| 008 | 180619s2003 pl a |001 d pol | ||
| 020 | |a 8373271848 | ||
| 035 | |a 991026074179705066 | ||
| 035 | |a (PL-WaBN)b59795451-48omnis_nlop | ||
| 035 | |a b59795451 | ||
| 035 | |a (OCoLC)1051248290 | ||
| 035 | |a (PL)b0000005979545 | ||
| 040 | |a WA N |c WA N |d WA N | ||
| 041 | 1 | |a pol |h fre | |
| 080 | |a (075.3-021.66) | ||
| 080 | |a 821.133.1(091)-2"16" | ||
| 080 | |a 821.133.1-2 | ||
| 090 | |c 68 |d 67 | ||
| 100 | 0 | |a Molier |d (1622-1673) | |
| 240 | 1 | 0 | |a Tartuffe |l (pol.) |
| 245 | 1 | 0 | |a Świętoszek / |c Molier ; przełożył Tadeusz Żeleński (Boy) ; opracowała Anna Popławska ; [ilustracje Lucjan Ławnicki]. |
| 246 | 1 | |i Tytuł oryginału: |a Tartuffe ou l'Imposteur, | |
| 250 | |a Wyd.2003. | ||
| 260 | |a Kraków : |b Wydawnictwo Greg, |c 2003. | ||
| 300 | |a [2], 123 strony : |b ilustracje ; |c 21 cm. | ||
| 490 | 1 | |a Lektura : wydanie z opracowaniem | |
| 500 | |a Na książce pseudonim autora, nazwa: Jean-Baptiste Poquelin. Na książce także pseudonim tłumacza: Boy. Na stronie tytułowej: Notatki na marginesie, cytaty, które warto znać, streszczenie. | ||
| 504 | |a Indeks. | ||
| 505 | |a Zawiera: notatki na marginesie, cytaty, które warto znać, streszczenie. | ||
| 600 | 0 | 7 | |a Molier |d (1622-1673). |
| 650 | 7 | |a Język polski (przedmiot szkolny) | |
| 650 | 7 | |a Komedia | |
| 650 | 7 | |a Literatura francuska | |
| 650 | 7 | |a Mieszczaństwo | |
| 650 | 7 | |a Obłuda | |
| 650 | 7 | |a Religijność | |
| 651 | 7 | |a Paryż (Francja) | |
| 700 | 1 | |a Ławnicki, Lucjan |d (1966- ) |e Ilustracje | |
| 700 | 1 | |a Popławska, Anna |c (filolożka) |e Opracowanie | |
| 700 | 1 | |a Żeleński, Tadeusz |d (1874-1941) |e Tłumaczenie | |
| 710 | 2 | |a Wydawnictwo Greg | |
| 830 | 0 | |a Lektura (Greg) | |
| 920 | |a 83-7327-184-8 | ||
| 942 | |c K | ||
| 952 | |0 0 |1 0 |4 0 |6 R__46_000000000000000 |7 0 |9 66 |a RYT |b RYT |d 2026-03-17 |e 1/2026 |g 10.00 |l 0 |o R.46 |p 2000000000466 |r 2026-05-15 14:02:26 |w 2026-05-15 |y BK |z da | ||
| 999 | |c 66 |d 66 | ||